000 00519nam a2200193Ia 4500
003 OSt
005 20230328160327.0
008 210423s2006 xx 000 0 und d
040 _cAL
041 _aeng
082 _a659.2 HEAR
100 _aHEATH (Robert L);COOMBS (W Timothy).
_979205
245 _aTodays public relations: an introduction.
260 _bSage Publications
_c2006
300 _axix,538
365 _b4437
_cINR
906 _aan ; introduction. ; public ; relations: ; Todays
942 _2ddc
_cBK
999 _c156271
_d156271